| 000 | 00396nam a2200145Ia 4500 | ||
|---|---|---|---|
| 008 | 231217s9999 xx 000 0 und d | ||
| 041 | _aEnglish | ||
| 082 | _a001.6404 RAF;13 | ||
| 100 | _aRafiquzzaman, Mohamed | ||
| 245 | 0 | _aMicroprocessors and microcomputer based system design | |
| 260 |
_c1998 _bUniversal Bk, N,Delhi |
||
| 300 | _axvii+1075 | ||
| 650 | _aMicroprocessors | ||
| 942 | _cAA | ||
| 999 |
_c165779 _d165779 |
||